| 000 | 00712nam a22002297a 4500 | ||
|---|---|---|---|
| 999 |
_c4140 _d4140 |
||
| 003 | AR-CdUCM | ||
| 008 | 190308b ||||| |||| 00| 0 spa d | ||
| 040 |
_aMUNICIPALIDAD PROVINCIAL DEL CUSCO _cBIBLIOTECA MUNICIPAL DEL CUSCO |
||
| 082 |
_a709.701 / _bA11 |
||
| 100 |
_a Abate, Francisco. _913114 |
||
| 245 | _aArte precolombino / | ||
| 260 |
_aBuenos Aires : _bViscontea, _c1976. |
||
| 300 |
_a2t. _bIlustraciones en color _c19 cm. |
||
| 440 |
_aArte en el mundo _913115 |
||
| 500 | _at.1. Arte mejicano -- t.2. Arte peruano | ||
| 650 |
_aArte prehispánico _913116 |
||
| 650 |
_aArte Inca _913117 |
||
| 650 |
_aArte Azteca _913118 |
||
| 650 |
_aArte Maya _913119 |
||
| 942 |
_2ddc _cLIBROS |
||
| 945 | _admma | ||